<?xml version="1.0" encoding="UTF-8"?>
<resp>
  <nextPage>https://data.bn.org.pl/api/networks/bibs.marcxml?marc=001+b1000002605295&amp;sinceId=1000002605296</nextPage>
  <collection>
    <record xmlns='http://www.loc.gov/MARC21/slim'><leader>03331nam a2200901 i 4500</leader><controlfield tag='001'>b1000002605295</controlfield><controlfield tag='005'>20260529073309.0</controlfield><controlfield tag='008'>220704s2022    pl           |000 f pol c</controlfield><controlfield tag='009'>9912738993605606</controlfield><datafield ind1=' ' ind2=' ' tag='015'><subfield code='a'>UWD 2022/23911</subfield></datafield><datafield ind1=' ' ind2=' ' tag='020'><subfield code='a'>9788378359548</subfield><subfield code='q'>(oprawa miękka) :</subfield><subfield code='c'>zł 44,90</subfield></datafield><datafield ind1=' ' ind2=' ' tag='035'><subfield code='a'>(PL)b1000002605295</subfield></datafield><datafield ind1=' ' ind2=' ' tag='040'><subfield code='a'>LUBL M</subfield><subfield code='c'>LUBL M</subfield><subfield code='d'>LUBL M</subfield><subfield code='d'>WA N</subfield><subfield code='d'>KR U</subfield><subfield code='d'>WA N</subfield><subfield code='d'>POZN M</subfield></datafield><datafield ind1=' ' ind2=' ' tag='046'><subfield code='k'>2022</subfield></datafield><datafield ind1=' ' ind2=' ' tag='080'><subfield code='a'>821.162.1-3</subfield></datafield><datafield ind1=' ' ind2=' ' tag='084'><subfield code='a'>07</subfield></datafield><datafield ind1='1' ind2=' ' tag='100'><subfield code='a'>Zacharska, Klaudia</subfield><subfield code='e'>Autor</subfield></datafield><datafield ind1='1' ind2='0' tag='245'><subfield code='a'>Sepia /</subfield><subfield code='c'>Klaudia Zacharska.</subfield></datafield><datafield ind1=' ' ind2=' ' tag='250'><subfield code='a'>Wydanie I.</subfield></datafield><datafield ind1=' ' ind2=' ' tag='260'><subfield code='a'>Chorzów :</subfield><subfield code='b'>Videograf,</subfield><subfield code='c'>2022.</subfield></datafield><datafield ind1=' ' ind2=' ' tag='300'><subfield code='a'>398, [2] strony ;</subfield><subfield code='c'>21 cm.</subfield></datafield><datafield ind1=' ' ind2=' ' tag='336'><subfield code='a'>Tekst</subfield><subfield code='b'>txt</subfield><subfield code='2'>rdacontent</subfield></datafield><datafield ind1=' ' ind2=' ' tag='337'><subfield code='a'>Bez urządzenia pośredniczącego</subfield><subfield code='b'>n</subfield><subfield code='2'>rdamedia</subfield></datafield><datafield ind1=' ' ind2=' ' tag='338'><subfield code='a'>Wolumin</subfield><subfield code='b'>nc</subfield><subfield code='2'>rdacarrier</subfield></datafield><datafield ind1=' ' ind2=' ' tag='380'><subfield code='a'>Książki</subfield></datafield><datafield ind1=' ' ind2=' ' tag='380'><subfield code='a'>Proza</subfield></datafield><datafield ind1=' ' ind2=' ' tag='386'><subfield code='m'>Przynależność kulturowa</subfield><subfield code='a'>Literatura polska</subfield></datafield><datafield ind1='1' ind2=' ' tag='388'><subfield code='a'>2001-</subfield></datafield><datafield ind1=' ' ind2='7' tag='650'><subfield code='a'>Księgarze</subfield><subfield code='2'>DBN</subfield></datafield><datafield ind1=' ' ind2='7' tag='650'><subfield code='a'>Małe miasto</subfield><subfield code='2'>DBN</subfield></datafield><datafield ind1=' ' ind2='7' tag='650'><subfield code='a'>Zło</subfield><subfield code='2'>DBN</subfield></datafield><datafield ind1=' ' ind2='7' tag='650'><subfield code='a'>Ojcowie i córki</subfield><subfield code='2'>DBN</subfield></datafield><datafield ind1=' ' ind2='7' tag='650'><subfield code='a'>Osoby zaginione</subfield><subfield code='2'>DBN</subfield></datafield><datafield ind1=' ' ind2='7' tag='650'><subfield code='a'>Powódź</subfield><subfield code='2'>DBN</subfield></datafield><datafield ind1=' ' ind2='7' tag='650'><subfield code='a'>Społeczność odizolowana</subfield><subfield code='2'>DBN</subfield></datafield><datafield ind1=' ' ind2='7' tag='655'><subfield code='a'>Horror</subfield><subfield code='2'>DBN</subfield></datafield><datafield ind1=' ' ind2='7' tag='655'><subfield code='a'>Powieść</subfield><subfield code='2'>DBN</subfield></datafield><datafield ind1='2' ind2=' ' tag='710'><subfield code='a'>Wydawnictwa Videograf</subfield><subfield code='e'>Wydawca</subfield><subfield code='4'>pbl</subfield></datafield><datafield ind1=' ' ind2=' ' tag='852'><subfield code='b'>48OMNIS_UJA</subfield><subfield code='8'>991016798529105067</subfield></datafield><datafield ind1=' ' ind2=' ' tag='852'><subfield code='b'>48OMNIS_WBPL</subfield><subfield code='8'>991001861709708836</subfield></datafield><datafield ind1=' ' ind2=' ' tag='852'><subfield code='b'>48OMNIS_TOM</subfield><subfield code='8'>991002272899707770</subfield></datafield><datafield ind1=' ' ind2=' ' tag='852'><subfield code='b'>48OMNIS_SW2</subfield><subfield code='8'>991000726619508005</subfield></datafield><datafield ind1=' ' ind2=' ' tag='852'><subfield code='8'>22851839990008207</subfield><subfield code='j'>1</subfield><subfield code='h'>Z.824259 [w]</subfield><subfield code='b'>BPW_K</subfield><subfield code='p'>BPW00669962</subfield><subfield code='c'>ZAS_W</subfield></datafield><datafield ind1=' ' ind2=' ' tag='852'><subfield code='8'>22710876210005066</subfield><subfield code='j'>1</subfield><subfield code='h'>3.215.444 A</subfield><subfield code='b'>BN_PL</subfield><subfield code='p'>30001031930350</subfield><subfield code='c'>bk1</subfield></datafield><datafield ind1=' ' ind2=' ' tag='852'><subfield code='8'>22710876180005066</subfield><subfield code='j'>1</subfield><subfield code='h'>3.616.632</subfield><subfield code='b'>BN_PL</subfield><subfield code='p'>30001031930343</subfield><subfield code='c'>bk8</subfield></datafield><datafield ind1=' ' ind2=' ' tag='852'><subfield code='8'>22750459150008412</subfield><subfield code='j'>1</subfield><subfield code='b'>09</subfield><subfield code='p'>13284312</subfield><subfield code='c'>09WYP</subfield></datafield><datafield ind1=' ' ind2=' ' tag='852'><subfield code='8'>22725830570008411</subfield><subfield code='j'>1</subfield><subfield code='b'>014CW</subfield><subfield code='p'>01405-100132402</subfield><subfield code='c'>CW</subfield><subfield code='z'>8/22</subfield></datafield><datafield ind1=' ' ind2=' ' tag='852'><subfield code='8'>22725830530008411</subfield><subfield code='j'>1</subfield><subfield code='b'>014F2</subfield><subfield code='p'>01411-100047117</subfield><subfield code='c'>F2D</subfield><subfield code='z'>8/22</subfield></datafield><datafield ind1=' ' ind2=' ' tag='852'><subfield code='8'>22725830550008411</subfield><subfield code='j'>1</subfield><subfield code='b'>014F1</subfield><subfield code='p'>01408-100066613</subfield><subfield code='c'>F1D</subfield><subfield code='z'>8/22</subfield></datafield><datafield ind1=' ' ind2=' ' tag='852'><subfield code='8'>2276099160007662</subfield><subfield code='j'>0</subfield><subfield code='b'>01</subfield><subfield code='p'>4001433459</subfield><subfield code='c'>01</subfield></datafield><datafield ind1=' ' ind2=' ' tag='852'><subfield code='8'>22598175030005067</subfield><subfield code='j'>1</subfield><subfield code='h'>B 881275 I</subfield><subfield code='b'>BJ</subfield><subfield code='p'>1003117230</subfield><subfield code='c'>BJ_MAG</subfield></datafield><datafield ind1=' ' ind2=' ' tag='852'><subfield code='8'>22598175100005067</subfield><subfield code='j'>1</subfield><subfield code='h'>1.035.615 I A</subfield><subfield code='b'>BJ</subfield><subfield code='p'>1003117229</subfield><subfield code='c'>BJ_EGZ_A</subfield></datafield><datafield ind1=' ' ind2=' ' tag='852'><subfield code='8'>2255999260005069</subfield><subfield code='j'>1</subfield><subfield code='h'>107902 W</subfield><subfield code='b'>LUBL_M</subfield><subfield code='p'>1001040736</subfield><subfield code='c'>30005</subfield><subfield code='z'>oprawa miękka</subfield></datafield><datafield ind1=' ' ind2=' ' tag='852'><subfield code='8'>22857931760008836</subfield><subfield code='j'>1</subfield><subfield code='b'>WBPL</subfield><subfield code='p'>230000326685</subfield><subfield code='c'>DUZIM_MG</subfield></datafield><datafield ind1=' ' ind2=' ' tag='852'><subfield code='8'>2231458980007770</subfield><subfield code='j'>1</subfield><subfield code='b'>TOM_1_F2</subfield><subfield code='p'>186808</subfield><subfield code='c'>U</subfield></datafield><datafield ind1=' ' ind2=' ' tag='852'><subfield code='8'>228787470008005</subfield><subfield code='j'>1</subfield><subfield code='b'>SW2_4_4</subfield><subfield code='p'>MBPSF6-0020623</subfield><subfield code='c'>SW2_4_4_2</subfield></datafield><datafield ind1=' ' ind2=' ' tag='852'><subfield code='8'>225885630008005</subfield><subfield code='j'>1</subfield><subfield code='b'>SW2_4_5</subfield><subfield code='p'>MBPSF7-0015687</subfield><subfield code='c'>SW2_4_5_2</subfield></datafield><datafield ind1=' ' ind2=' ' tag='852'><subfield code='b'>48OMNIS_MBP</subfield><subfield code='8'>990003733760207662</subfield></datafield><datafield ind1=' ' ind2=' ' tag='852'><subfield code='b'>48OMNIS_NLOP</subfield><subfield code='8'>991053023744505066</subfield></datafield><datafield ind1=' ' ind2=' ' tag='852'><subfield code='b'>48OMNIS_KBP</subfield><subfield code='8'>990007538170108412</subfield></datafield><datafield ind1=' ' ind2=' ' tag='852'><subfield code='b'>48OMNIS_BPW</subfield><subfield code='8'>991053895043808207</subfield></datafield><datafield ind1=' ' ind2=' ' tag='852'><subfield code='b'>48OMNIS_GLO</subfield><subfield code='8'>990014261730308411</subfield></datafield><datafield ind1=' ' ind2=' ' tag='852'><subfield code='b'>48OMNIS_MPL</subfield><subfield code='8'>991002597298005069</subfield></datafield><datafield ind1=' ' ind2=' ' tag='852'><subfield code='b'>48OMNIS_NETWORK</subfield><subfield code='8'>9912738993605606</subfield></datafield><datafield ind1=' ' ind2=' ' tag='920'><subfield code='a'>978-83-7835-954-8 (oprawa miękka) : zł 44,90</subfield></datafield></record>
  </collection>
</resp>
